00787 2200229 4500001002100000005001500021035002000036007000300056008004100059082001000100084001600110100004100126245004800167250001400215300004200229520015600271600001200427264003400439336003100473337003000504338002300534INLIS00000000000040820210217104719 a0010-0221000201ta210217 g 1 ind  a398.2 a398.2 DRA s0 aDra. Tjut Rahma M.A. GaniePengarang1 aSrikandi Pasai /cDra. Tjut Rahma M.A. Gani aCetakan 2 a48 Halaman :bIlustrasi ;c15 x 21 cm aKehidupan masyarakat Aceh sehari hari Perang Aceh dengan Belanda Cut Nyak Meutia mutiara dari utara Pantang menyerah Gugur sebagai Pahlawan nasional 4aLegenda bPT.Waca Utama Pramesti,c1987 aTeks Bergambar2rdacontent aTanpa Perantara2rdamedia aVolume2rdacarrier